|
|
|
|
| LEADER |
00000nab a2200000 a 4500 |
| 001 |
vtls008410078 |
| 003 |
SK-MaSNL |
| 005 |
20260303070140.0 |
| 008 |
051116c20050621xo dr n 000 00slo |
| 015 |
|
|
|a SNBRB2005/11SVKPO
|
| 038 |
|
|
|a SVKPOCL
|
| 040 |
|
|
|a SVKPOCL
|b slo
|c SVKPO
|e AACR2
|
| 041 |
0 |
|
|a slo
|
| 044 |
|
|
|a xo
|c SK
|
| 080 |
|
|
|a 796.332(091)
|2 UDC-MRF-SK2
|
| 080 |
|
|
|a 929 Bomba, Jozef
|2 UDC-MRF-SK2
|
| 100 |
1 |
|
|a Petruš, Andrej
|4 aut
|9 672594
|
| 245 |
1 |
0 |
|a Bombove striebro
|b československí futbalisti prekvapili pred 43 rokmi na MS v Čile
|c Andrej Petruš
|
| 300 |
|
|
|a Fotogr.
|
| 600 |
1 |
7 |
|a Bomba, Jozef,
|d 1939-2005
|2 svkpocl
|9 884401
|
| 650 |
0 |
7 |
|a futbal
|x dejiny
|2 svkpocl
|9 304297
|
| 651 |
|
7 |
|a Prešov (Slovensko)
|2 svkpocl
|9 17347
|
| 773 |
0 |
|
|t Prešovský večerník
|g Roč. XVI, č. 3737 (21.6.2005), s.
|x 1336-4030
|
| 773 |
0 |
8 |
|i Príl.:
|t Šport Plus
|g Č. 25 (21. júna 2005), s. 9
|
| 852 |
|
|
|a SVKPO
|b KIS3GCP
|
| 856 |
4 |
1 |
|u www.vecernik.po.sk
|
| 958 |
|
|
|a BX
|
| 999 |
|
|
|c 1754150
|d 1756080
|